<?xml version="1.0" encoding="UTF-8"?>
<record
    xmlns:xsi="http://www.w3.org/2001/XMLSchema-instance"
    xsi:schemaLocation="http://www.loc.gov/MARC21/slim http://www.loc.gov/standards/marcxml/schema/MARC21slim.xsd"
    xmlns="http://www.loc.gov/MARC21/slim">

  <leader>00622nam a22001577a 4500</leader>
  <controlfield tag="003">OSt</controlfield>
  <controlfield tag="005">20151202160853.0</controlfield>
  <controlfield tag="008">151202b        xxu||||| |||| 00| 0 eng d</controlfield>
  <datafield tag="040" ind1=" " ind2=" ">
    <subfield code="c">RUA</subfield>
  </datafield>
  <datafield tag="082" ind1=" " ind2=" ">
    <subfield code="a">FIS PON 2008 B180 Or.1</subfield>
  </datafield>
  <datafield tag="100" ind1=" " ind2=" ">
    <subfield code="9">4167</subfield>
    <subfield code="a">PON, SINATH.</subfield>
  </datafield>
  <datafield tag="245" ind1=" " ind2=" ">
    <subfield code="a">Status of self-recruited pond in romeas hek district svay rieng province, &#x179F;&#x17D2;&#x1790;&#x17B6;&#x1793;&#x1797;&#x17B6;&#x1796;&#x1785;&#x17B7;&#x1789;&#x17D2;&#x1785;&#x17B9;&#x1798;&#x178F;&#x17D2;&#x179A;&#x17B8;&#x1792;&#x1798;&#x17D2;&#x1798;&#x1787;&#x17B6;&#x178F;&#x17B7;&#x1780;&#x17D2;&#x1793;&#x17BB;&#x1784;&#x1794;&#x17C0;&#x179A;&#x1793;&#x17C5;&#x179F;&#x17D2;&#x179A;&#x17BB;&#x1780;&#x179A;&#x1798;&#x17B6;&#x179F;&#x17A0;&#x17C2;&#x1780;&#x1781;&#x17C1;&#x178F;&#x17D2;&#x178F;&#x179F;&#x17D2;&#x179C;&#x17B6;&#x1799;&#x179A;&#x17C0;&#x1784;</subfield>
  </datafield>
  <datafield tag="260" ind1=" " ind2=" ">
    <subfield code="a">Phnom Penh</subfield>
    <subfield code="b">RUA</subfield>
    <subfield code="c">2008</subfield>
  </datafield>
  <datafield tag="300" ind1=" " ind2=" ">
    <subfield code="a">x; 53p.</subfield>
    <subfield code="b">ill.</subfield>
    <subfield code="c">29cm.</subfield>
  </datafield>
  <datafield tag="942" ind1=" " ind2=" ">
    <subfield code="2">ddc</subfield>
    <subfield code="c">FIS</subfield>
  </datafield>
  <datafield tag="999" ind1=" " ind2=" ">
    <subfield code="c">3881</subfield>
    <subfield code="d">3881</subfield>
  </datafield>
  <datafield tag="952" ind1=" " ind2=" ">
    <subfield code="0">0</subfield>
    <subfield code="1">0</subfield>
    <subfield code="2">ddc</subfield>
    <subfield code="4">0</subfield>
    <subfield code="6">FIS_PON_2008_000000000000000_B180_OR_1</subfield>
    <subfield code="7">0</subfield>
    <subfield code="9">19556</subfield>
    <subfield code="a">LBB</subfield>
    <subfield code="b">LBB</subfield>
    <subfield code="c">B180</subfield>
    <subfield code="d">2015-12-02</subfield>
    <subfield code="o">FIS PON 2008 B180 Or.1</subfield>
    <subfield code="p">RUA028569</subfield>
    <subfield code="r">2015-12-02</subfield>
    <subfield code="w">2015-12-02</subfield>
    <subfield code="y">FIS</subfield>
  </datafield>
  <datafield tag="952" ind1=" " ind2=" ">
    <subfield code="0">0</subfield>
    <subfield code="1">0</subfield>
    <subfield code="2">ddc</subfield>
    <subfield code="4">0</subfield>
    <subfield code="6">FIS_PON_2008_000000000000000_B180_OR_2</subfield>
    <subfield code="7">0</subfield>
    <subfield code="9">19557</subfield>
    <subfield code="a">LBB</subfield>
    <subfield code="b">LBB</subfield>
    <subfield code="c">B180</subfield>
    <subfield code="d">2015-12-02</subfield>
    <subfield code="o">FIS PON 2008 B180 Or.2</subfield>
    <subfield code="p">RUA019999</subfield>
    <subfield code="r">2015-12-02</subfield>
    <subfield code="w">2015-12-02</subfield>
    <subfield code="y">FIS</subfield>
  </datafield>
  <datafield tag="952" ind1=" " ind2=" ">
    <subfield code="0">0</subfield>
    <subfield code="1">0</subfield>
    <subfield code="2">ddc</subfield>
    <subfield code="4">0</subfield>
    <subfield code="6">FIS_PON_2008_000000000000000_B180_OR_3</subfield>
    <subfield code="7">0</subfield>
    <subfield code="9">19558</subfield>
    <subfield code="a">LBB</subfield>
    <subfield code="b">LBB</subfield>
    <subfield code="c">B180</subfield>
    <subfield code="d">2015-12-02</subfield>
    <subfield code="o">FIS PON 2008 B180 Or.3</subfield>
    <subfield code="p">RUA019768</subfield>
    <subfield code="r">2015-12-02</subfield>
    <subfield code="w">2015-12-02</subfield>
    <subfield code="y">FIS</subfield>
  </datafield>
  <datafield tag="952" ind1=" " ind2=" ">
    <subfield code="0">0</subfield>
    <subfield code="1">0</subfield>
    <subfield code="2">ddc</subfield>
    <subfield code="4">0</subfield>
    <subfield code="6">FIS_PON_2008_000000000000000_B180_OR_4</subfield>
    <subfield code="7">0</subfield>
    <subfield code="9">19559</subfield>
    <subfield code="a">LBB</subfield>
    <subfield code="b">LBB</subfield>
    <subfield code="c">B180</subfield>
    <subfield code="d">2015-12-02</subfield>
    <subfield code="l">1</subfield>
    <subfield code="o">FIS PON 2008 B180 Or.4</subfield>
    <subfield code="p">RUA019840</subfield>
    <subfield code="r">2018-07-17</subfield>
    <subfield code="s">2018-06-11</subfield>
    <subfield code="w">2015-12-02</subfield>
    <subfield code="y">FIS</subfield>
  </datafield>
  <datafield tag="952" ind1=" " ind2=" ">
    <subfield code="0">0</subfield>
    <subfield code="1">0</subfield>
    <subfield code="2">ddc</subfield>
    <subfield code="4">0</subfield>
    <subfield code="6">FIS_PON_2008_000000000000000_B180_OR_5</subfield>
    <subfield code="7">0</subfield>
    <subfield code="9">19560</subfield>
    <subfield code="a">LBB</subfield>
    <subfield code="b">LBB</subfield>
    <subfield code="c">B180</subfield>
    <subfield code="d">2015-12-02</subfield>
    <subfield code="o">FIS PON 2008 B180 Or.5</subfield>
    <subfield code="p">RUA019568</subfield>
    <subfield code="r">2015-12-02</subfield>
    <subfield code="w">2015-12-02</subfield>
    <subfield code="y">FIS</subfield>
  </datafield>
  <datafield tag="952" ind1=" " ind2=" ">
    <subfield code="0">0</subfield>
    <subfield code="1">0</subfield>
    <subfield code="2">ddc</subfield>
    <subfield code="4">0</subfield>
    <subfield code="6">FIS_PON_2008_000000000000000_B180_OR_6</subfield>
    <subfield code="7">0</subfield>
    <subfield code="9">19561</subfield>
    <subfield code="a">LBB</subfield>
    <subfield code="b">LBB</subfield>
    <subfield code="c">B180</subfield>
    <subfield code="d">2015-12-02</subfield>
    <subfield code="o">FIS PON 2008 B180 Or.6</subfield>
    <subfield code="p">RUA011010</subfield>
    <subfield code="r">2015-12-02</subfield>
    <subfield code="w">2015-12-02</subfield>
    <subfield code="y">FIS</subfield>
  </datafield>
  <datafield tag="952" ind1=" " ind2=" ">
    <subfield code="0">0</subfield>
    <subfield code="1">0</subfield>
    <subfield code="2">ddc</subfield>
    <subfield code="4">0</subfield>
    <subfield code="6">FIS_PON_2008_000000000000000_B180_OR_7</subfield>
    <subfield code="7">0</subfield>
    <subfield code="9">19562</subfield>
    <subfield code="a">LBB</subfield>
    <subfield code="b">LBB</subfield>
    <subfield code="c">B180</subfield>
    <subfield code="d">2015-12-02</subfield>
    <subfield code="o">FIS PON 2008 B180 Or.7</subfield>
    <subfield code="p">RUA011228</subfield>
    <subfield code="r">2015-12-02</subfield>
    <subfield code="w">2015-12-02</subfield>
    <subfield code="y">FIS</subfield>
  </datafield>
  <datafield tag="952" ind1=" " ind2=" ">
    <subfield code="0">0</subfield>
    <subfield code="1">0</subfield>
    <subfield code="2">ddc</subfield>
    <subfield code="4">0</subfield>
    <subfield code="6">FIS_PON_2008_000000000000000_B180_OR_8</subfield>
    <subfield code="7">0</subfield>
    <subfield code="9">19563</subfield>
    <subfield code="a">LBB</subfield>
    <subfield code="b">LBB</subfield>
    <subfield code="c">B180</subfield>
    <subfield code="d">2015-12-02</subfield>
    <subfield code="o">FIS PON 2008 B180 Or.8</subfield>
    <subfield code="p">RUA011088</subfield>
    <subfield code="r">2015-12-02</subfield>
    <subfield code="w">2015-12-02</subfield>
    <subfield code="y">FIS</subfield>
  </datafield>
  <datafield tag="952" ind1=" " ind2=" ">
    <subfield code="0">0</subfield>
    <subfield code="1">0</subfield>
    <subfield code="2">ddc</subfield>
    <subfield code="4">0</subfield>
    <subfield code="6">FIS_PON_2008_000000000000000_B180_OR_9</subfield>
    <subfield code="7">0</subfield>
    <subfield code="9">19564</subfield>
    <subfield code="a">LBB</subfield>
    <subfield code="b">LBB</subfield>
    <subfield code="c">B180</subfield>
    <subfield code="d">2015-12-02</subfield>
    <subfield code="o">FIS PON 2008 B180 Or.9</subfield>
    <subfield code="p">RUA011303</subfield>
    <subfield code="r">2015-12-02</subfield>
    <subfield code="w">2015-12-02</subfield>
    <subfield code="y">FIS</subfield>
  </datafield>
  <datafield tag="952" ind1=" " ind2=" ">
    <subfield code="0">0</subfield>
    <subfield code="1">0</subfield>
    <subfield code="2">ddc</subfield>
    <subfield code="4">0</subfield>
    <subfield code="6">FIS_PON_2008_000000000000000_B180_OR_10</subfield>
    <subfield code="7">0</subfield>
    <subfield code="9">19565</subfield>
    <subfield code="a">LBB</subfield>
    <subfield code="b">LBB</subfield>
    <subfield code="c">B180</subfield>
    <subfield code="d">2015-12-02</subfield>
    <subfield code="o">FIS PON 2008 B180 Or.10</subfield>
    <subfield code="p">RUA011375</subfield>
    <subfield code="r">2015-12-02</subfield>
    <subfield code="w">2015-12-02</subfield>
    <subfield code="y">FIS</subfield>
  </datafield>
</record>
